La Memòria històrica / coordinació: Núria Ventura ; realització: Mercè Cortés, Beatriu Morell Núria Ventura ; realització:
Publicado:
Barcelona :
Diputació de Barcelona. Àrea de Cultura. Gerència de Serveis de Biblioteques ,
2009
Descripción Física:
225 p. : il. ; 30 cm
Colección:
Dossier temàtic ; 76
MARC
| LEADER | 00000nam a2200000Ia 4500 | ||
|---|---|---|---|
| 001 | 21911 | ||
| 008 | 160829s2009 xx 000 0 cat d | ||
| 080 | |a H-3-83 | ||
| 245 | |a La Memòria històrica / coordinació: |b Núria Ventura ; realització: |b Mercè Cortés, Beatriu Morell | ||
| 260 | |a Barcelona : |b Diputació de Barcelona. Àrea de Cultura. Gerència de Serveis de Biblioteques, |c 2009 | ||
| 300 | |a 225 p. : |b il. ; |c 30 cm | ||
| 490 | |a Dossier temàtic ; 76 | ||
| 590 | |a Bibliografia. | ||
| 590 | |a Recull de premsa | ||
| 650 | |a Memòria col·lectiva |x Dret i legislació |x Espanya |9 46142 | ||
| 650 | |a Consciència històrica |x Espanya |9 46143 | ||
| 700 | |a Ventura, Núria |e editor literari |9 18519 | ||
| 700 | |a Cortés, Mercè |e autor |9 45362 | ||
| 700 | |a Morell, Beatriu |9 43285 |e autor | ||
| 710 | 1 | |a Barcelona (Catalunya : Província). |b Gerència de Serveis de Biblioteques |9 52661 | |
| 901 | |a Arxiu | ||
| 942 | |n 1 |2 udc | ||
| 952 | |0 0 |1 0 |4 0 |6 H383 |7 1 |9 53025 |a Arxiu |b Arxiu |d 2016-12-01 |l 0 |o H-3-83 |p 21911 |r 2016-12-01 00:00:00 |w 2016-12-01 |y ARXIU | ||
| 999 | |c 56874 |d 56874 | ||